MDQL
is popping MORE tags! Check the
thread
!
Quizzes
Events
Quiz Creation
Community
Videos
Private Events
Remove Ads
Sign In
Join for FREE
Feedback
Dark Mode
Quiz Categories
Sports
Geography
Music
Movies
Television
Just For Fun
Miscellaneous
History
Literature
Language
Science
Gaming
Entertainment
Religion
Holiday
For Kids
Quiz Lab
Recent
Popular Today
Quiz Kudos Today
Editor Picks
Curator Picks
Quizzes by...
Day
Popularity
Type
Ratings
Length
Year
Community
Subscriptions
Recent Discussions
Orange Saloon
Badges
Playlists
Quests
Create
Leaderboards
Showdown
Live 5
Trivia Bingo
Activity
Puzzle Library
Sporcle Events
Private Events
Virtual Trivia
Globe League
Become a Host
Pub Owners
SporcleCon
Opinionation
Our Games
Videos
Blog
Mobile Apps
Partnerships
Remove Ads and Go Orange
Feedback
Music
Pop Music
The Beatles
Song
Album
Lyrics
Bands
Singers
Artist
Clip
Rock
Rap
Classical
Billboard
Country Music
Kpop
Taylor Swift
Music
Pop Music
The Beatles
Song
Album
Lyrics
Bands
Singers
Artist
Clip
Rock
Rap
Classical
Billboard
Country Music
Kpop
Taylor Swift
Random Quiz
Search Sporcle
×
Quiz Lab
Quiz Lab
Music
Song
Type in answers that appear in a list
Type in answers that appear in a list
Classic
Best Score? Go Orange.
Figure out the lyrics -- Disney song Stats
Can you name the lyrics to this Disney song with no other hints?
By
larryland
9m
110 Questions
6,398 Plays
6,398 Plays
6,398 Plays
Comments
Comments
Give Quiz Kudos
Give Quiz Kudos
-
- Ratings
hide this ad
Replay
Link that replays current quiz
Next Quiz
Link to next quiz in quiz playlist
You Got
0%
They Got
Avg Score
39%
Avg Friend Score
Upgrade to see
Score Distribution
Jump to the score distribution portion of the page
Score
0/110
Timer
09:00
0
Plays Today
% Correct
a
98.3%
the
98.3%
a
98.2%
and
98.2%
and
98.2%
a
98.2%
and
98.2%
I
97.5%
I
97.5%
I
97.5%
I
97.5%
I
97.5%
be
77.6%
me
72.8%
me
72.8%
in
71.8%
It
71.2%
it
71.2%
to
71.1%
lovers
65.7%
loving
65.7%
an
64.6%
No
61.8%
So
60.8%
so
60.8%
of
60.7%
of
60.7%
of
60.7%
for
59.4%
for
59.4%
my
57.1%
she
57.1%
my
57.1%
my
57.1%
my
57.1%
there
56.1%
that
55%
% Correct
that
55%
They
52.3%
knew
45.2%
know
45%
as
44.4%
as
44.4%
as
44.4%
like
41.9%
all
39.8%
was
39.2%
at
38.1%
ever
36.9%
But
36.8%
had
36%
with
35.7%
I've
34.2%
dream
33.4%
them.
32.9%
has
31.9%
never
30.5%
night.
30.2%
out
29.4%
wish
29.3%
I'd
25.5%
many
21%
might
20.6%
might.
20.6%
might
20.6%
though
19.7%
these
19.7%
must
18.2%
light.
17.4%
light.
17.4%
light!
17.4%
times
16.1%
around
16%
even
15.7%
% Correct
care
14.6%
kind
14.4%
happy
13.9%
pair
13.7%
dark
12.9%
looked
12.9%
face
12.8%
face
12.8%
walking
12.2%
dare
11.8%
tonight
11.7%
seems
11.3%
without
11.2%
meant
11.1%
heaven's
10.9%
heaven's
10.9%
heaven's
10.9%
glow
10.7%
glow
10.7%
warm
10.6%
almost
10.5%
watched
10.4%
bright.
10.3%
hideous
9.6%
bells
9.1%
cold
9.1%
angel
9%
ring
8.9%
tower
8.4%
kissed
8.3%
smiled
8.2%
suddenly
8%
cheek
7.9%
swear
7.9%
fright.
7.6%
trace
7.3%
Quiz Playlist
Details
Report
Send in Message
Add To Playlist
Classic:
Type in answers that appear in a list
Last Updated: May 22, 2017
Quiz Scoreboard
CHALLENGE
Sign Up to Join the Scoreboard
Show All
Scores
Hide
Comments
May contain spoilers
Recently Published
Holiday 10x10 Sorting Gallery
by lukepisani3
Holiday
15m
Two Season TV Shows II
by 123Four
Television
10m
Image Sorting: Flags VI
by Barbecue
Geography
2m
More to Explore
Quiz From the Vault
Featured Blog Post
14 Easter Pick-up Lines to Find Eggs With
hide this ad
You Might Also Like...
Tags
Disney Quiz
Lyrics Quiz
Song Quiz
Figure Out the Lyrics
Today's Top Quizzes in Music
Browse Music
hide this ad
Today's Top Quizzes in Song
Browse Song
Top Contributed Quizzes in Music
1
5X2 Blitz: Bands II
2
Taylor Swift All Songs (2024)
3
5X2 Blitz: The Beatles
4
5X2 Blitz: Billboard
5
Music Artist by Three 2010s hits
6
5X2 Blitz: Billboard II
7
5X2 Blitz: Album
8
5X2 Blitz: Rock
9
5X2 Blitz: Singers
10
5X2 Blitz: Lyrics
Explore More
Trending Topics
Anime
Kpop
Marvel
Harry Potter
NBA
Crossword
Disney
WWE
NFL
Puzzle
The Office
Pokémon
Soccer
Song
Country
hide this ad
More By:
larryland
Quiz
Plays
Rating
Category
Featured
Created
Figure out the lyrics -- Disney song
6,398
3.71
Music
Dec 18, 2010
Abilities and Limitations of Count Dracula
491
3.67
Literature
Jan 7, 2011
Dimensions of Culture (Hofstede)
48
Miscellaneous
Oct 3, 2018
Go to Creator's Profile
Score Distribution
Quiz Creator Spotlight
larryland
Follow
Send a Message
Quizzes Created
-
Created Quiz Play Count
-
More By This Creator
Popular Quizzes Today
1
Find the US States - No Outlines Minefield
2
Colored Red Africa Blitz
3
Find the 'City' Movie
4
The Countries of the World
5
Find the US States
6
5x2 Blitz: Bands
7
Find the Countries of Europe - No Outlines Minefield
8
US States
More Music Quizzes
GUESS THE CURSED KPOP IMAGES (MALE)
Quiz Lab
Trending Quizzes
Colored Red Europe Blitz I
Colored Red Europe Blitz II
Colored Red Africa Blitz II
Colored Red Europe Blitz III
Colored Red Africa Blitz III
Recently Updated
Odd Team Out - Big 4 Players
pecheneg
Quick Pick: 20 Twenties
pecheneg
March Madness Men's Triple Doubles
pecheneg
How Do You Spell That?
pecheneg
Godzilla Movies
pecheneg
Grab Bag: 4-10 Letters
pecheneg
2024 March Madness Bracket
pecheneg
Famous TV Couples
Peacemaker
Champions League XIs: Real Madrid
pecheneg
Largest US Cities 1790-2010
pecheneg
Trending Topics
NBA
Anime
Disney
Crossword
Harry Potter
Marvel
Kpop
Soccer
The Office
Song
NFL
WWE
Puzzle
Pokémon
Country
Your Account Isn't Verified!
In order to create a playlist on Sporcle, you need to verify the email address you used during registration. Go to your
Sporcle Settings
to finish the process.
Report this User
Report this user for behavior that violates our
Community Guidelines
.
Details:
Send Report
Go to the Sporcle.com Mobile Site →
Comments